00441nam a2200133Ia 4500008004100000082001200041100001400053245008500067260000900152300000900161942000700170999001700177952011300194190415s9999 xx 000 0 und d aRL.0001 aLal, V.N. 0aLand distribution in selected Nyaya Panchayat of Ghazipur District (U.P.) : A pi c1989 a86p. cBK c16314d16314 00104070aNASSDOCbNASSDOCd2004-10-08i2004-10-22l0oRL.0001p26636r2019-04-18 00:00:00w2019-04-18yBK